000 00292nam a22001337a 4500
008 170511b xxu||||| |||| 00| 0 eng d
020 _a9780314198839
041 _aeng
080 _a342
100 _a15
101 _aSHJ
245 _aFEDERAL INCOME TAX
_cDONALDSON, S.A
942 _2udc
_cBK
999 _c13269
_d13269